Aeropuertos con más pasajeros de Estados Unidos - Estadísticas

Estadísticas generales
  • Esta prueba ha sido intentada 180 veces
  • La puntuación promedio es 27 de 35
Estadísticas de respuestas
# Aeropuerto IATA % Correcto
88.1 m Los Ángeles LAX
99%
36.7 m Fort Lauderdale / Hollywood FLL
98%
45.9 m Miami MIA
98%
46.3 m Newark EWR
98%
62.6 m Nueva York John F. Kennedy JFK
97%
31.1 m Nueva York LaGuardia LGA
97%
20.8 m Chicago Midway MDW
96%
84.6 m Chicago O'Hare ORD
96%
27.0 m Baltimore / Washington BWI
93%
57.5 m San Francisco SFO
92%
24.8 m Washington Dulles IAD
91%
23.9 m Washington Ronald Reagan DCA
91%
42.5 m Boston BOS
90%
45.3 m Houston George Bush IAH
89%
111 m Atlanta ATL
87%
75.1 m Dallas / Fort Worth DFW
87%
16.8 m Dallas Love Field DAL
86%
51.8 m Seattle / Tacoma SEA
86%
51.5 m Las Vegas LAS
85%
50.6 m Orlando MCO
83%
69.0 m Denver DEN
79%
25.2 m San Diego SAN
78%
33.0 m Filadelfia PHL
75%
46.3 m Phoenix Sky Harbor PHX
73%
36.8 m Detroit DTW
68%
21.9 m Honolulu HNL
64%
19.9 m Portland PDX
62%
50.2 m Charlotte CLT
61%
17.3 m Austin Bergstrom AUS
60%
39.6 m Mineápolis / Saint Paul MSP
57%
22.5 m Tampa TPA
52%
26.8 m Salt Lake City SLC
45%
15.9 m San Luis Lambert STL
41%
15.7 m San José SJC
37%
18.3 m Nashville BNA
33%
No se encontraron pruebas coincidentes
Distribución de puntuación
Porcentaje de gente con cada puntuación
Porcentaje por número respondido
Historial de tus puntuaciones
No has intentado esta prueba.